Stories in stone : (Record no. 2949)

MARC details
000 -LEADER
fixed length control field 01984cam a2200301 a 4500
001 - CONTROL NUMBER
control field 2949
003 - CONTROL NUMBER IDENTIFIER
control field FISKH
005 - DATE AND TIME OF LATEST TRANSACTION
control field 20240125084608.0
008 - FIXED-LENGTH DATA ELEMENTS--GENERAL INFORMATION
fixed length control field 100817s2010 th a 000 0 eng
010 ## - LIBRARY OF CONGRESS CONTROL NUMBER
LC control number 2010354500
020 ## - INTERNATIONAL STANDARD BOOK NUMBER
International Standard Book Number 9786167339016
040 ## - CATALOGING SOURCE
Original cataloging agency DLC
Transcribing agency DLC
Modifying agency DLC
042 ## - AUTHENTICATION CODE
Authentication code lcode
-- pcc
043 ## - GEOGRAPHIC AREA CODE
Geographic area code a-th---
050 00 - LIBRARY OF CONGRESS CALL NUMBER
Classification number DS554.62
Item number .B87 2010
082 ## - DEWEY DECIMAL CLASSIFICATION NUMBER
Classification number 959.602
100 1# - MAIN ENTRY--PERSONAL NAME
Personal name Burgess, John,
Dates associated with a name 1951-
245 10 - TITLE STATEMENT
Title Stories in stone :
Remainder of title the Sdok Kok Thom inscription & the enigma of Khmer history /
Statement of responsibility, etc. John Burgess.
260 ## - PUBLICATION, DISTRIBUTION, ETC.
Place of publication, distribution, etc. Bangkok, Thailand :
Name of publisher, distributor, etc. River Books,
Date of publication, distribution, etc. 2010.
300 ## - PHYSICAL DESCRIPTION
Extent 197 pages :
Other physical details illustrations ;
Dimensions 22 cm.
520 ## - SUMMARY, ETC.
Summary, etc. In the final months of 1979, a city was born in dry forestland along the border of Cambodia and Thailand. It was a city of refugees. The Khmer Rouge had been recently overthrown, and Cambodians fortunate enough to be alive were free to pick up and go where they wanted. Many chose to make for a frontier settlement that became known as Camp 007. The camp was located close to Sadok Kok Thom Temple, which became a focus of worship for the refugees. The temple contained one of the most important inscriptions in Khmer History, written by a high ranking Brahmin and detailing important political and religious events that took place in the Empire. The author discusses the history of the inscription, from its creation to the modern day as well as how modern and ancient history have merged around the temple over the past forty years. SELLING POINTS: A personal and historic account of Sadok Kok Thom Temple, weaving in the archaeology of Angkor with the political turmoil of Cambodia during the 1960s-70s 25 b/w illustrations
650 #0 - SUBJECT ADDED ENTRY--TOPICAL TERM
Topical term or geographic name entry element Sdok Kak Thoṃ inscription.
651 #0 - SUBJECT ADDED ENTRY--GEOGRAPHIC NAME
Geographic name Cambodia
General subdivision History
Chronological subdivision 800-1444.
856 41 - ELECTRONIC LOCATION AND ACCESS
Materials specified Table of contents only
Uniform Resource Identifier <a href="http://www.loc.gov/catdir/toc/fy12pdf01/2010354500.html">http://www.loc.gov/catdir/toc/fy12pdf01/2010354500.html</a>
906 ## - LOCAL DATA ELEMENT F, LDF (RLIN)
a 7
b cbc
c origode
d 3
e ncip
f 20
g y-gencatlg
942 ## - ADDED ENTRY ELEMENTS (KOHA)
Source of classification or shelving scheme Dewey Decimal Classification
Koha item type Books
Suppress in OPAC No
Holdings
Withdrawn status Lost status Source of classification or shelving scheme Damaged status Not for loan Collection Home library Current library Shelving location Date acquired Total Checkouts Full call number Barcode Date last seen Price effective from Koha item type
    Dewey Decimal Classification     Non-Fiction Footprints International School Library Network Toul Kork Campus Footprints International School Library Network Toul Kork Campus   01/25/2024   BUR 959.602 DS554.42 2024-0052 01/25/2024 01/25/2024 Books